01370nam a2200265 a 450000100100000000500170001000800410002704000250006808200160009310000450010924501210015425000110027526000690028630000210035550000600037650400730043650400290050970000480053804900090058695201290059595201290072495201140085395201200096799900170108700003112120200930062723.0110613s2011 dr 000 0 spa d aDO-SdBNPbspacBNPHU axxxxbC348r1 aCastellanos Vargas, Dulce María95759313aLa responsabilidad civil de los médicos /cDulce María Castellanos Vargas ; prólogo Ángel Delgado Malagón. a2a ed. aSanto Domingo :bediciones Jurídicas Trajano Potentini,c2011. a170 p. ;c23 cm. aIncluye datos biográficos de la autora en las solapas aIncluye referencias bibliográficas y notas al pie de las páginas aBibliografa : p. 159-1651 aDelgado Malagón, Ángel,epról.957594 aBNPD 001054708DSaGRbGRcCTd2011-06-13iLF1l0oxxxx C348rp31121-30r2020-06-25te. 3w2020-06-25yLFDSZPréstamo en sala 001054708DSaGRbGRcCTd2011-06-13iLF1l0oxxxx C348rp31121-40r2020-06-25te. 4w2020-06-25yLFDSZPréstamo en sala 0010718PDaPDbPDcCTd2011-06-13iLF1l0oxxxx C348rp31121-10r2020-06-25w2020-06-25yLFPDZNo se presta 0010718PDaPDbPDcCTd2011-06-13iLF1l0oxxxx C348rp31121-20r2020-06-25te. 2w2020-06-25yLFPDZNo se presta c30613d30613